<?xml version="1.0" encoding="UTF-8"?>
<record
    xmlns:xsi="http://www.w3.org/2001/XMLSchema-instance"
    xsi:schemaLocation="http://www.loc.gov/MARC21/slim http://www.loc.gov/standards/marcxml/schema/MARC21slim.xsd"
    xmlns="http://www.loc.gov/MARC21/slim">

  <leader>01298nam a2200265 i 4500</leader>
  <controlfield tag="003">DO-SdBNP</controlfield>
  <controlfield tag="005">20260429123224.0</controlfield>
  <controlfield tag="007">ta</controlfield>
  <controlfield tag="008">220915e2003    dr adc|gryt|| 001 0 spa d</controlfield>
  <datafield tag="040" ind1=" " ind2=" ">
    <subfield code="a">DO-SdBNP</subfield>
    <subfield code="b">spa</subfield>
    <subfield code="c">BNPHU</subfield>
    <subfield code="e">rda</subfield>
  </datafield>
  <datafield tag="082" ind1=" " ind2="4">
    <subfield code="b">P273m</subfield>
    <subfield code="a">22</subfield>
  </datafield>
  <datafield tag="245" ind1="1" ind2="0">
    <subfield code="a">Memorias 2003 /</subfield>
    <subfield code="c">Pesentaci&#xF3;n, Miriam D&#xED;az Santana</subfield>
  </datafield>
  <datafield tag="264" ind1=" " ind2=" ">
    <subfield code="a">Santo Domingo :</subfield>
    <subfield code="b">Mediabyte,</subfield>
    <subfield code="c">2003</subfield>
  </datafield>
  <datafield tag="300" ind1=" " ind2=" ">
    <subfield code="a">74 p&#xE1;ginas :</subfield>
    <subfield code="b">ilustraciones, gr&#xE1;ficas., retratos. ;</subfield>
    <subfield code="c">28 cm.</subfield>
  </datafield>
  <datafield tag="336" ind1=" " ind2=" ">
    <subfield code="2">rdacontent</subfield>
    <subfield code="a">texto</subfield>
    <subfield code="b">txt</subfield>
  </datafield>
  <datafield tag="337" ind1=" " ind2=" ">
    <subfield code="2">rdamedia</subfield>
    <subfield code="a">sin  mediaci&#xF3;n</subfield>
    <subfield code="b">n</subfield>
  </datafield>
  <datafield tag="338" ind1=" " ind2=" ">
    <subfield code="2">rdacarrier</subfield>
    <subfield code="a">volumen</subfield>
    <subfield code="b">nc</subfield>
  </datafield>
  <datafield tag="505" ind1=" " ind2=" ">
    <subfield code="a">Presentaci&#xF3;n.</subfield>
    <subfield code="t">Consejo Nacional.--</subfield>
    <subfield code="t">Sistema Electoral y Sistema Pol&#xED;tico.--</subfield>
    <subfield code="t">Fortalecimiento del Sistema Judicial y Derechos Ciudadanos.--</subfield>
    <subfield code="t">Transparencia de la Gesti&#xF3;n P&#xFA;blicas.--</subfield>
    <subfield code="t">Sostenibilidad Financiera y Gesti&#xF3;n Interna.--</subfield>
    <subfield code="t">Fortalecimiento de la Participaci&#xF3;n de la membres&#xED;a.--</subfield>
    <subfield code="t">&#xC1;reas de Apoyo.--</subfield>
    <subfield code="t">Informes de Comisiones.--</subfield>
    <subfield code="t">Informe Financiero.</subfield>
  </datafield>
  <datafield tag="590" ind1=" " ind2=" ">
    <subfield code="a">Inventariado 2024 / MF</subfield>
  </datafield>
  <datafield tag="650" ind1=" " ind2="4">
    <subfield code="a">Organizaciones sin &#xE1;nimo de lucro</subfield>
    <subfield code="x">Correspondencia, Memorias, etc.</subfield>
    <subfield code="9">56956</subfield>
  </datafield>
  <datafield tag="650" ind1="2" ind2="0">
    <subfield code="a">Participaci&#xF3;n pol&#xED;tica</subfield>
    <subfield code="9">456</subfield>
  </datafield>
  <datafield tag="651" ind1=" " ind2="4">
    <subfield code="a">Participaci&#xF3;n Ciudadana (Rep&#xFA;blica Dominicana)</subfield>
    <subfield code="x">Correspondencia, Memorias, etc.</subfield>
    <subfield code="9">85523</subfield>
  </datafield>
  <datafield tag="700" ind1="1" ind2=" ">
    <subfield code="9">9620</subfield>
    <subfield code="a">D&#xED;az Santana, Miriam,</subfield>
    <subfield code="e">pr&#xF3;logo</subfield>
  </datafield>
  <datafield tag="942" ind1=" " ind2=" ">
    <subfield code="2">ddc</subfield>
    <subfield code="c">LBS1</subfield>
  </datafield>
  <datafield tag="952" ind1=" " ind2=" ">
    <subfield code="0">0</subfield>
    <subfield code="1">0</subfield>
    <subfield code="2">ddc</subfield>
    <subfield code="5">1</subfield>
    <subfield code="7">0</subfield>
    <subfield code="8">PD</subfield>
    <subfield code="a">BNPHU</subfield>
    <subfield code="b">BNPHU</subfield>
    <subfield code="c">CT</subfield>
    <subfield code="d">2018-07-15</subfield>
    <subfield code="e">CERTV</subfield>
    <subfield code="l">0</subfield>
    <subfield code="o">P273me</subfield>
    <subfield code="p">2022-3967</subfield>
    <subfield code="r">2022-09-15</subfield>
    <subfield code="w">2022-09-15</subfield>
    <subfield code="y">LBS1</subfield>
  </datafield>
  <datafield tag="952" ind1=" " ind2=" ">
    <subfield code="0">0</subfield>
    <subfield code="1">0</subfield>
    <subfield code="2">ddc</subfield>
    <subfield code="5">1</subfield>
    <subfield code="7">0</subfield>
    <subfield code="8">PD</subfield>
    <subfield code="a">BNPHU</subfield>
    <subfield code="b">BNPHU</subfield>
    <subfield code="c">CT</subfield>
    <subfield code="d">2018-07-15</subfield>
    <subfield code="e">CERTV</subfield>
    <subfield code="l">0</subfield>
    <subfield code="o">P273me</subfield>
    <subfield code="p">2022-3968</subfield>
    <subfield code="r">2022-09-15</subfield>
    <subfield code="t">e.2</subfield>
    <subfield code="w">2022-09-15</subfield>
    <subfield code="y">LBS1</subfield>
  </datafield>
  <datafield tag="999" ind1=" " ind2=" ">
    <subfield code="c">52410</subfield>
    <subfield code="d">52410</subfield>
  </datafield>
</record>
